[Event "Montreal Mercredi 02"]
[Site "Montreal"]
[Date "2009.03.11"]
[Round "4"]
[White "Abra, Mohammed"]
[Black "Baran, Marius"]
[Result "0-1"]
[WhiteElo "1620"]
[BlackElo "1654"]
[PlyCount "64"]
[EventDate "2009.02.18"]
[EventType "tourn"]
[EventRounds "5"]
[EventCountry "CAN"]
[SourceTitle "EXT 2011"]
[Source "ChessBase"]
[SourceDate "2010.11.26"]
[SourceVersion "1"]
[SourceVersionDate "2010.11.26"]
[SourceQuality "1"]

1. d4 d5 2. Nf3 e6 3. e3 Nf6 4. c4 Be7 5. Nc3 0-0 6. c5 b6 7. b4 a5 8. cxb6 Bxb4 9. Bb2 cxb6 10. Bd3 Ba6 11. 0-0 Bxc3 12. Bxc3 b5 13. a3 Nc6 14. Rb1 Qb6 15. Qd2 Rfb8 16. Rfc1 b4 17. axb4 Bxd3 18. Qxd3 Nxb4 19. Qf1 Ne4 20. Ne5 Qd6 21. f3 Nxc3 22. Rxc3 f6 23. Nd3 Nxd3 24. Qxd3 Rxb1+ 25. Qxb1 Rb8 26. Qc1 Qb4 27. Rc8+ Rxc8 28. Qxc8+ Kf7 29. Qc7+ Kg6 30. Qg3+ Kh6 31. Qf4+ Kg6 32. Qg4+ Kf7 0-1

[Event "Montreal Mercredi 02"]
[Site "Montreal"]
[Date "2009.02.18"]
[Round "1"]
[White "Abra, Mohammed"]
[Black "Gauthier, Luc"]
[Result "0-1"]
[WhiteElo "1620"]
[BlackElo "1621"]
[PlyCount "114"]
[EventDate "2009.02.18"]
[EventType "tourn"]
[EventRounds "5"]
[EventCountry "CAN"]
[SourceTitle "EXT 2011"]
[Source "ChessBase"]
[SourceDate "2010.11.26"]
[SourceVersion "1"]
[SourceVersionDate "2010.11.26"]
[SourceQuality "1"]

1. e4 Nf6 2. Nc3 d5 3. exd5 Nxd5 4. Bc4 Nxc3 5. Qf3 e6 6. Qxc3 Nc6 7. Nf3 f6 8. 0-0 Bd6 9. Re1 e5 10. d4 Bb4 11. Qe3 Bxe1 12. dxe5 Bxf2+ 13. Kxf2 fxe5 14. Nxe5 Qh4+ 15. Kg1 Qd4 16. Qxd4 Nxd4 17. Bf7+ Kf8 18. Be3 Be6 19. Rf1 Ke7 20. Bxd4 Bxf7 21. Rxf7+ Ke6 22. Rxc7 Rac8 23. Rxc8 Rxc8 24. c3 Rf8 25. g3 Kd5 26. Kg2 Ke4 27. Kh3 g6 28. b4 b5 29. Nd7 Rf5 30. Nf6+ Kf3 31. g4 Rf4 32. Be5 Rc4 33. Bd4 Rc7 34. g5 a6 35. Ng4 Ke2 36. Kg3 Rf7 37. Nf6 Kd3 38. h4 Kc2 39. Kf4 Kb1 40. Ke4 Kxa2 41. Kd5 Re7 42. Be5 Kb3 43. Kd6 Rf7 44. Ke6 Ra7 45. Nd5 Kc4 46. Kd6 Ra8 47. Nc7 Ra7 48. Kc6 a5 49. Kb6 Rxc7 50. Kxc7 a4 51. Bf4 Kxc3 52. Kc6 Kxb4 53. Bd2+ Kc4 54. Kb6 b4 55. Ka5 a3 56. Bc1 Kb3 57. Kb5 a2 0-1